000 00576nam a2200241Ia 4500
003 OSt
005 20220912152948.0
006 a|||||r|||| 00| 0
007 ta
008 220909b |||||||| |||| 00| 0 eng d
024 _a28146
037 _cTextual
040 _aCSL
_beng
_cCSL
041 _aeng
082 _aB9wI73, L2;2
100 _aAdamczewski Jan
245 0 _aNicolaus copernicus and his epoch
260 _c1972
300 _ap.
_ccm.
650 _aEpoch
942 _hB9wI73, L2;2
_cTEXL
_2CC
999 _c94971
_d94971